Economic growth and instability : A study in the problem of capital accumulation, employment, and the business cycle.

সংরক্ষণ করুন:
গ্রন্থ-পঞ্জীর বিবরন
প্রধান লেখক: Hamberg, D.
বিন্যাস: গ্রন্থ
ভাষা:Undetermined
প্রকাশিত: New York W. W. Norton & Company, Inc. 1956
বিষয়গুলি:
ট্যাগগুলো: ট্যাগ যুক্ত করুন
কোনো ট্যাগ নেই, প্রথমজন হিসাবে ট্যাগ করুন!
Thư viện lưu trữ: Trung tâm Học liệu Trường Đại học Cần Thơ
LEADER 00626nam a2200193Ia 4500
001 CTU_81813
008 210402s9999 xx 000 0 und d
082 |a 339 
082 |b H199 
100 |a Hamberg, D. 
245 0 |a Economic growth and instability : 
245 2 |b A study in the problem of capital accumulation, employment, and the business cycle. 
245 0 |c D. Hamberg 
260 |a New York 
260 |b W. W. Norton & Company, Inc. 
260 |c 1956 
650 |a Business cycles,Economic development,Saving and investment 
904 |i Trọng Hải 
980 |a Trung tâm Học liệu Trường Đại học Cần Thơ